000 00605nam a2200181Ia 4500
008 090123s9999 xx 000 0 und d
082 _b39029
100 _aपानसे वनमाला
245 _aसार्थक झाले जन्माचे
250 _a1
260 _bरजत प्रकाशन
_c2005
300 _a87
600 _aपानसे वनमाला
630 _aसार्थक झाले जन्माचे
700 _aपानसे वनमाला
730 _aसार्थक झाले जन्माचे
942 _cBOOK
999 _c77098
_d77098